Potensi rebung buluh di Malaysia

Bibliographic Details
Main Author: AZMY Hj. Mohamed
Corporate Author: Institut Penyelidikan Perhutanan Malaysia (FRIM)
Format: Book
Published: Kuala Lumpur : Institut Penyelidikan Perhutanan Malaysia , 1992
Series:Siri alam dan rimba n. 2
Subjects:

MARC

LEADER 00000cam a2200000 7i4500
001 0000000778
005 20010612.0
020 0 0 |a 9839592122 
090 0 0 |a 584.9309595   |b AZM 1992 
100 0 0 |a AZMY Hj. Mohamed 
245 1 0 |a Potensi rebung buluh di Malaysia   |c Azmy Hj. Mohamed 
260 0 0 |a Kuala Lumpur :   |b Institut Penyelidikan Perhutanan Malaysia ,   |c 1992 
300 |a ix, 42 p. :   |b ill. ;   |c 25 cm. 
440 0 0 |a Siri alam dan rimba   |v n. 2 
500 0 0 |a Bibliography: [p. 40] and index 
650 0 0 |a Bamboo   |x Growth 
650 0 0 |a Bamboo   |z Malaysia 
710 1 1 |a Institut Penyelidikan Perhutanan Malaysia (FRIM) 
998 |a JPSM 
999 |a 0000001937   |b Monograph   |c Open Shelf   |e Default branch 
999 |a 0000002398   |b Monograph   |c Open Shelf   |e Default branch 
999 |a 0000002522   |b Monograph   |c Open Shelf   |e Default branch 
999 |a 0000003186   |b Monograph   |c Open Shelf   |e Default branch